El folklore en la escuela

I tiakina i:
Ngā taipitopito rārangi puna kōrero
Kaituhi matua: Torner, Eduardo M (Author)
Hōputu: Pukapuka
Reo:Pāniora
I whakaputaina: Buenos Aires Losada 1946
Rangatū:Publicaciones de la Revista de Pedagogía. La Escuela Activa, 17
Ngā marau:
Ngā Tūtohu: Tāpirihia he Tūtohu
Kāore He Tūtohu, Me noho koe te mea tuatahi ki te tūtohu i tēnei pūkete!

MARC

LEADER 00000nam a2200000 a 4500
001 UCY8019
003 CL-VaPUC
008 950623e19460000AG |||||||||||||||||spa|d
082 0 4 |a 398  |b TOR  |2 21 
100 0 |a Torner, Eduardo M  |e author  |9 339081 
245 1 3 |a El folklore en la escuela 
300 |a 204 p 
942 |c BK 
945 |d 19950623 00:00:00  |a cmena 
260 |a Buenos Aires  |b Losada  |c 1946 
650 7 |a FOLKLORE  |2 CL-VaPUC  |9 268291 
650 0 |a Enseñanza  |9 256457 
650 0 |a Costumbres y tradiciones   |9 268292 
650 0 |a Música folklórica  |9 306412 
650 7 |a DANZA FOLKLORICA  |2 CL-VaPUC  |9 339082 
650 0 |a Literatura folklórica  |9 306605 
650 7 |a EDUCACION CULTURAL  |2 CL-VaPUC  |9 339037 
583 |a last modification  |c 19950623 00:00:00  |k Rodrigo Vera 
490 0 |a Publicaciones de la Revista de Pedagogía. La Escuela Activa, 17 
999 |c 235306  |d 235304 
952 |0 0  |1 0  |4 0  |6 398_000000000000000_TOR_1946  |7 0  |8 P  |9 242632  |a BIBEDU  |b BIBEDU  |c BIBEDU_PB  |d 2019-11-18  |i 1521691  |o 398 TOR 1946  |p 1521691  |r 2024-01-25  |w 2019-11-18  |y BK  |k EDU